
Library Catalogue

| 000 -LEADER | |
|---|---|
| fixed length control field | 01488nam a22002177a 4500 |
| 003 - CONTROL NUMBER IDENTIFIER | |
| control field | OSt |
| 005 - DATE AND TIME OF LATEST TRANSACTION | |
| control field | 20200902215846.0 |
| 008 - FIXED-LENGTH DATA ELEMENTS--GENERAL INFORMATION | |
| fixed length control field | 190819b2018 ||||| |||| 00| 0 eng |
| 020 ## - INTERNATIONAL STANDARD BOOK NUMBER | |
| International Standard Book Number | 9789387067547 |
| 040 ## - CATALOGING SOURCE | |
| Transcribing agency | nls |
| 041 ## - LANGUAGE CODE | |
| Language code of text/sound track or separate title | English |
| 082 ## - DEWEY DECIMAL CLASSIFICATION NUMBER | |
| Classification number | 709.54 SIN |
| 100 ## - MAIN ENTRY--PERSONAL NAME | |
| Personal name | Singhania Nitin |
| 245 ## - TITLE STATEMENT | |
| Title | Indian art and culture |
| 250 ## - EDITION STATEMENT | |
| Edition statement | 2nd Ed |
| 260 ## - PUBLICATION, DISTRIBUTION, ETC. | |
| Place of publication, distribution, etc. | Chennai |
| Name of publisher, distributor, etc. | McGraw Hill Education Private Limited |
| Date of publication, distribution, etc. | 2018 |
| 300 ## - PHYSICAL DESCRIPTION | |
| Extent | PB |
| 505 ## - FORMATTED CONTENTS NOTE | |
| Formatted contents note | Contents: Section-A - Visual arts : Indian architecture, sculpture and pottery --<br/>Indian paintings --<br/>Indian handicrafts --<br/>UNESCO'S list of world heritage sites in India --<br/>Section-B - Performing arts : Indian music --<br/>Indian dance forms --<br/>Indian threatre --<br/>Indian puppetry --<br/>Indian circus --<br/>UNESCO'S list of intangible cultural heritage --<br/>Section-C - Culture of India : Languages in India --<br/>Religions in India --<br/>Indian literature --<br/>Schools of philosophy --<br/>Indian cinema --<br/>Science and technology through the ages --<br/>Calendars in India --<br/>Fairs and festivals of India --<br/>Awards and honours --<br/>Law and culture --<br/>Martial arts in India --<br/>Cultural institutions in India --<br/>Coins in ancient and medieval India --<br/>Indian culture abroad --<br/>Section-D - Appendices : Delhi - A city of seven sisters --<br/>Bhakti and sufi movement --<br/>Famous personalities of India --<br/>Cultural places of interest --<br/>Recent geographical indications. |
| 600 ## - SUBJECT ADDED ENTRY--PERSONAL NAME | |
| Personal name | Arts - India - India |
| -- | Civilization |
| 942 ## - ADDED ENTRY ELEMENTS (KOHA) | |
| Source of classification or shelving scheme | Dewey Decimal Classification |
| Koha item type | BOOKs |
| Withdrawn status | Lost status | Source of classification or shelving scheme | Materials specified (bound volume or other part) | Damaged status | Not for loan | Collection code | Home library | Current library | Shelving location | Date acquired | Source of acquisition | Coded location qualifier | Total Checkouts | Full call number | Barcode | Date last seen | Date last checked out | Price effective from | Koha item type | Public note |
|---|---|---|---|---|---|---|---|---|---|---|---|---|---|---|---|---|---|---|---|---|
| Dewey Decimal Classification | PB | Reference | NLS | NLS | Library Compactors | 19/08/2018 | Purchased | UPSC SECTI | 1 | 709.54 SIN | 36629 | 04/12/2023 | 17/04/2023 | 19/08/2019 | BOOKs | For UPSC and state civil ervices examinations |